000 00798nam a22002897a 4500
001 BR9704859
003 BR-BrBNA
005 20230928095725.0
007 ta
008 230509b bl.||||| |||| 00| 0 por d
040 _aBR-BrBNA
_bpor
_cBiblioteca Nacional de Agricultura
041 _a(Por)
072 _aE10
_b2120
090 _ 2120 BR9704859
110 1 _aConfederacao Nacional da Agricultura, Rio de Janeiro, GB (Brasil)
_92520
245 1 _aSubsidios para uma politica nacional do cafe
260 3 _aRio de janeiro, GB (Brasil):
_c1967.
300 _a202 p.
650 _aCafe
650 _aPolitica Agricola
650 _aCafeicultura
650 _aComercializacao
650 _aArmazenamento
650 _aEstocagem
909 _a202309
_bLucia
_c55
_dLucia Elande
942 _cBK
999 _c58297
_d58297